000 01751nas a2200277Ia 4500
001 R050-S2045
003 IT-CnALBA
008 170116c99999999xx |||||||||||| ||und||
040 _aIT-CnALBA
_cIT-CnALBA
041 _aLATINO
100 _aPIO XII, PAPA PACELLI EUGENIO.
210 _aCOMMENTARIUM PRO RELIGIOSIS ET MISSIONARIIS
222 _aCOMMENTARIUM PRO RELIGIOSIS ET MISSIONARIIS
245 0 _aCOMMENTARIUM PRO RELIGIOSIS ET MISSIONARIIS. GENNAIO DICEMBRE 1957. VOL. XXXVI.
250 _a1a ed.
260 _a ROMA
_bVATICANA - LIBR. EDITR. POLIGL.
_c1957 [1° Ed.:1957 - Ed.Ling.Originale: 1957]
300 _a84 p.
310 _aBIMESTRALE
362 _aFascicolo: 4 / Anno: 38 (1957)
500 _aLETTERA ENCICLICA "FIDEI DONUM". CONDIZIONI DELLE MISSIONI SOPRATTUTTO IN AFRICA. DISCORSO AI RELIGIOSI GESUITI. ATTI DELLE CONGREGAZIONI. RIVISTA DEI RELIGIOSI E MISSIONARI EDITA DAI FIGLI DEL CUORE IMMACOLATO DI MARIA. CONSULTAZIONI, GOYENECHE S. INTRODUZIONE DELLA COSTITUZIONE APOSTOLICA SEDE DELLA SAPIENZA. L'AFFINITÀ CONTRATTA NELL'INFEDELTÀ. STATISTICA DELLE RELIGIOSE A ROMA. CRONACA GENERALE, RUIZ G.
501 _aSocietà San Paolo EM - Piazza San Paolo, 14 - 12051 ALBA (CN) (non commercial uses only) ® Copyright 2017
520 _aLETTERA ENCICLICA "FIDEI DONUM". CONDIZIONI DELLE MISSIONI SOPRATTUTTO IN AFRICA. DISCORSO AI RELIGIOSI GESUITI. ATTI DELLE CONGREGAZIONI. RIVISTA DEI RELIGIOSI E MISSIONARI EDITA DAI FIGLI DEL CUORE IMMACOLATO DI MARIA. CONSULTAZIONI, GOYENECHE S. INTRODUZIONE DELLA COSTITUZIONE APOSTOLICA SEDE DELLA SAPIENZA. L'AFFINITÀ CONTRATTA NELL'INFEDELTÀ. STATISTICA DELLE RELIGIOSE A ROMA. CRONACA GENERALE, RUIZ G.
650 _aMISSIOLOGIA
942 _cCR
957 _71
999 _a63943
_bNO
_g1
_c330643
_d330643